UBT Library

Managerial accounting : (Record no. 1165)

000 -LEADER
fixed length control field 00559nam a22001817a 4500
008 - FIXED-LENGTH DATA ELEMENTS--GENERAL INFORMATION
fixed length control field 150923b xxu||||| |||| 00| 0 eng d
020 ## - INTERNATIONAL STANDARD BOOK NUMBER
International Standard Book Number 0324227221
041 0# - LANGUAGE CODE
Language code of text/sound track or separate title eng
080 ## - UNIVERSAL DECIMAL CLASSIFICATION NUMBER
Universal Decimal Classification number 658.15
100 1# - Rafti
Rafti Maher, Michael.
245 10 - TITLE STATEMENT
Title Managerial accounting :
Statement of responsibility, etc Michael W. Maher, Clyde P. Stickney, Roman L. Weil.
250 ## -
-- 9th ed.
260 ## -
-- Mason, Ohio :
-- Thomson/South-Western,
-- 2006.
300 ## -
-- 594 f.:
-- me il.;
-- 29 cm.
650 #0 -
-- Kontabilitet
650 #0 -
-- Menaxherial
942 ## - ADDED ENTRY ELEMENTS (KOHA)
Source of classification or shelving scheme
Item type Books
Holdings
Withdrawn status Lost status Source of classification or shelving scheme Damaged status Not for loan Collection code Permanent location Current location Shelving location Date acquired Total Checkouts Full call number Barcode Date last seen Price effective from Koha item type
          Koleksioni i përgjithshem UBT - Lipjan UBT - Lipjan Koleksioni i përgjithshem 09/23/2015   658.15 WEI 002-007658 09/23/2015 09/23/2015 Books
UBT Library © 2015-2024. All rights reserved University Education for Business and Technology